Представление документа в формате MARC21

Поле Инд. ПП Название Значение
Тип записи a
Библиографический уровень m
001 Контрольный номер d753ea29-8c31-462d-b898-85b02de33758
005 Дата корректировки 20200819160734.0
008 Кодируемые данные 040505
020 c Цена, тираж 350.00
040 a Служба первич. каталог. НБ ТвГУ
041 0_ a Код языка текста rus
080 a Индекс УДК 58
a Индекс УДК 579.8
084 a Индекс другой классификации/Индекс ББК Е5
a Индекс другой классификации/Индекс ББК Е49
090 x Авторский знак Ж71
a Полочн. индекс 58
245 10 a Заглавие Жизнь растений
n Номер части/ раздела Т. 1
p Название части/ раздела Введение. Бактерии и актиномицеты / А. Л. Тахтаджян, П. М. Жуковский, Н. А. Красильников и др.
b Продолж. заглавия В 6 т.
c Ответственность Гл. ред. А. А. Федоров
245 _0 a Заглавие Бактерии и актиномицеты
260 0_ a Место издания Москва
b Издательство Просвещение
c Дата издания 1974
300 a Объем 486,[1] с.
b Иллюстрации/ тип воспроизводства ил., карты, [31] л. ил., карт.
504 a Библиография Указ. рус. и латин. назв. и имен: с.461-484.
650 04 a Основная рубрика Растения
650 04 a Основная рубрика Бактерии
650 04 a Основная рубрика Актиномицеты
650 04 a Основная рубрика Ботаника
653 0_ a Ключевые слова Растения
a Ключевые слова Бактерии
a Ключевые слова Актиномицеты
a Ключевые слова Ботаника
700 1_ a Другие авторы Тахтаджян Армен Леонович
e Роль лиц авт.
700 1_ a Другие авторы Жуковский П. М.
e Роль лиц авт.
700 1_ a Другие авторы Красильников Н. А.
e Роль лиц авт., ред. тома
700 1_ a Другие авторы Уранов А. А.
e Роль лиц ред. тома
700 1_ a Другие авторы Федоров Александр Александрович
e Роль лиц ред.
852 41 t Порядковый номер экземпляра 5
852 41 t Порядковый номер экземпляра 1
920 a Оператор Алекс
952 c Вид литературы К рн
954 a Дата поступления на обработку 20040923